Pobreza y desarrollo infantil (Record no. 21632)

MARC details
000 -LEADER
campo de control de longitud fija 01628nmc a2200565 a 4500
003 - IDENTIFICADOR DE NÚMERO DE CONTROL
campo de control AR-X00000XY
005 - FECHA Y HORA DE LA ÚLTIMA TRANSACCIÓN
campo de control 20251128211924.0
008 - DATOS DE LONGITUD FIJA--INFORMACIÓN GENERAL
campo de control de longitud fija 157020s2007 ||||||||||||||000 | spa||
020 ## - NÚMERO INTERNACIONAL ESTÁNDAR DEL LIBRO
Número Internacional Estándar del Libro 978-950-12-4540-0
040 ## - FUENTE DE CATALOGACIÓN
Centro/agencia transcriptor AR-X00000XY
245 10 - MENCIÓN DEL TÍTULO
Título Pobreza y desarrollo infantil
Resto del título una contribución multidisciplinaria
250 ## - MENCION DE EDICION
Mención de edición 1ª ed.
260 ## - PUBLICACIÓN, DISTRIBUCIÓN, ETC.
Lugar de publicación, distribución, etc. Buenos Aires
Nombre del editor, distribuidor, etc. Paidós
Fecha de publicación, distribución, etc. 2007
300 0# - DESCRIPCIÓN FÍSICA
Extensión 320 p.
490 #0 - MENCIÓN DE SERIE
Mención de serie Tramas sociales
Designación de volumen o secuencia v. 40
504 ## - NOTA DE BIBLIOGRAFÍA, ETC.
Nota de bibliografía, etc. Nota Contiene referencias bibliográficas al final de cada artículo
650 #4 - PUNTO DE ACCESO ADICIONAL DE MATERIA--TÉRMINO DE MATERIA
Término de materia o nombre geográfico como elemento de entrada POBREZA
650 #4 - PUNTO DE ACCESO ADICIONAL DE MATERIA--TÉRMINO DE MATERIA
Término de materia o nombre geográfico como elemento de entrada POBLACION URBANA
650 #4 - PUNTO DE ACCESO ADICIONAL DE MATERIA--TÉRMINO DE MATERIA
Término de materia o nombre geográfico como elemento de entrada DESARROLLO DEL NINO
650 #4 - PUNTO DE ACCESO ADICIONAL DE MATERIA--TÉRMINO DE MATERIA
Término de materia o nombre geográfico como elemento de entrada NUTRICION INFANTIL
650 #4 - PUNTO DE ACCESO ADICIONAL DE MATERIA--TÉRMINO DE MATERIA
Término de materia o nombre geográfico como elemento de entrada MEDIO AMBIENTE
650 #4 - PUNTO DE ACCESO ADICIONAL DE MATERIA--TÉRMINO DE MATERIA
Término de materia o nombre geográfico como elemento de entrada INFANCIA
650 #4 - PUNTO DE ACCESO ADICIONAL DE MATERIA--TÉRMINO DE MATERIA
Término de materia o nombre geográfico como elemento de entrada DERECHOS DEL NINO
650 #4 - PUNTO DE ACCESO ADICIONAL DE MATERIA--TÉRMINO DE MATERIA
Término de materia o nombre geográfico como elemento de entrada POLITICAS PUBLICAS
650 #4 - PUNTO DE ACCESO ADICIONAL DE MATERIA--TÉRMINO DE MATERIA
Término de materia o nombre geográfico como elemento de entrada MARGINALIDAD SOCIAL
650 #4 - PUNTO DE ACCESO ADICIONAL DE MATERIA--TÉRMINO DE MATERIA
Término de materia o nombre geográfico como elemento de entrada ABORIGENES
700 1# - ENTRADA AGREGADA--NOMBRE PERSONAL
Nombre de persona Colombo, Jorge A.
Término indicativo de función/relación editor
700 1# - ENTRADA AGREGADA--NOMBRE PERSONAL
Nombre de persona Blanco, Marisol
700 1# - ENTRADA AGREGADA--NOMBRE PERSONAL
Nombre de persona Boy, Adolfo E.
700 1# - ENTRADA AGREGADA--NOMBRE PERSONAL
Nombre de persona Cafiero, Juan Pablo
700 1# - ENTRADA AGREGADA--NOMBRE PERSONAL
Nombre de persona Calamante, Alberto J.
700 1# - ENTRADA AGREGADA--NOMBRE PERSONAL
Nombre de persona Colombo, Emilio O.
700 1# - ENTRADA AGREGADA--NOMBRE PERSONAL
Nombre de persona Cristiani, Verónica A.
700 1# - ENTRADA AGREGADA--NOMBRE PERSONAL
Nombre de persona Díaz, Adrián
700 1# - ENTRADA AGREGADA--NOMBRE PERSONAL
Nombre de persona Galli, Alfredo
700 1# - ENTRADA AGREGADA--NOMBRE PERSONAL
Nombre de persona Godoy, Daniel O.
700 1# - ENTRADA AGREGADA--NOMBRE PERSONAL
Nombre de persona Lipina, Sebastián J.
700 1# - ENTRADA AGREGADA--NOMBRE PERSONAL
Nombre de persona Martelli, María Inés
700 1# - ENTRADA AGREGADA--NOMBRE PERSONAL
Nombre de persona Naddeo, María Elena
700 1# - ENTRADA AGREGADA--NOMBRE PERSONAL
Nombre de persona O'Donnell, Alejandro M.
700 1# - ENTRADA AGREGADA--NOMBRE PERSONAL
Nombre de persona Pérez Blanco, Mónica
700 1# - ENTRADA AGREGADA--NOMBRE PERSONAL
Nombre de persona Petetta, Daniel R.
700 1# - ENTRADA AGREGADA--NOMBRE PERSONAL
Nombre de persona Porto, Anahí
700 1# - ENTRADA AGREGADA--NOMBRE PERSONAL
Nombre de persona Segretin, María Soledad
700 1# - ENTRADA AGREGADA--NOMBRE PERSONAL
Nombre de persona Torres Secchi, Alicia M.
700 1# - ENTRADA AGREGADA--NOMBRE PERSONAL
Nombre de persona Vuelta, Beatriz L.
800 1# - PUNTO DE ACCESO ADICIONAL DE SERIE--NOMBRE DE PERSONA
Nombre de persona Gojman, Irene
942 ## - ELEMENTOS DE ENTRADA SECUNDARIOS (KOHA)
Tipo de ítem Koha Libros
998 ## - INFORMACIÓN DE CONTROL LOCAL (RLIN)
Iniciales del catalogador, CIN (RLIN) Nancy
Holdings
Estatus retirado Estado de pérdida Fuente de la clasificación o esquema de estantería Estado de daño Restricciones de uso No para préstamo Biblioteca de origen Biblioteca actual Ubicación en estantería Fecha de adquisición Total de préstamos Signatura topográfica completa Código de barras Visto por última vez Precio de reemplazo Tipo de ítem Koha
    Clasificación Decimal Dewey   Acceso restringido No para préstamo Liberty Liberty   28/11/2025   304 COL 143940 28/11/2025 28/11/2025 Libros